Pokémon par images zoomées #1 - Statistiques

Statistiques générales
  • Ce quiz a été pris 486 fois
  • Le résultat moyen est 11 sur 12
Statistiques - réponses
Par images Réponse % Correct
Pikachu
100%
Miaouss
98%
Ronflex
97%
Métamorph
93%
Dracolosse
90%
Aquali
89%
Mewtwo
88%
Stari
88%
Tauros
88%
Artikodin
87%
Lokhlass
82%
Tétarte
67%
Aucun quiz correspondant
Distribution des résultats
% des personnes avec chaque résultat
Percentile par nombre de réponses
Votre historique - résultats
Vous n’avez pas pris ce quiz